|
|
|
|
| LEADER |
00962cam a2200265 7i4500 |
| 001 |
0000062732 |
| 005 |
20211011090000.0 |
| 020 |
|
|
|a 9788799873333 (electronic book)
|
| 090 |
0 |
0 |
|a Z286.O63
|b S74 2017
|
| 100 |
1 |
|
|a Stacey, Paul
|
| 245 |
1 |
0 |
|a Made with creative commons
|c Paul Stacey and Sarah Hinchliff Pearson.
|
| 264 |
|
|
|a Denmark:
|b Ctrl+Alt+Delete Books,
|c 2017.
|
| 300 |
|
|
|a 1 online resource (160 pages):
|b text file, PDF.
|
| 336 |
|
|
|a text
|2 rdacontent
|
| 337 |
|
|
|a computer
|2 rdamedia
|
| 338 |
|
|
|a online resource
|2 rdacarrier
|
| 650 |
|
0 |
|a Open access publishing
|
| 650 |
|
0 |
|a Information commons
|
| 650 |
|
0 |
|a Information commons
|
| 655 |
|
0 |
|a Electronic books
|
| 700 |
1 |
|
|a Pearson, Sarah Hinchliff
|
| 856 |
4 |
2 |
|u http://library.unisel.edu.my/web/guest/mylibrary
|
| 997 |
|
|
|a Communication, Visual Art & Computing, Faculty
|b Communication, Department
|
| 998 |
|
|
|a Library Science, Degree
|
| 999 |
|
|
|a EBO0007473
|b EBOOK
|c EBOOK
|e Electronic resources
|